[Event "XVI Cto Aragon Veteranos 2017 Grupo A"]
[Site ""]
[Date "2017.04.22"]
[Round "1"]
[White "Roche Simon Manuel Angel"]
[Black "Garrido Busto Francisco"]
[Result "1-0"]
[WhiteElo "2170"]
[BlackElo "1658"]

1.e4 c6 2.d4 d5 3.Nd2 dxe4 4.Nxe4 Bf5 5.Ng3 Bg6 6.Nf3 Nd7 7.h4 h6 8.h5 Bh7 9.
Bd3 Bxd3 10.Qxd3 e6 11.Bd2 Ngf6 12.O-O-O Qb6 13.Qe2 O-O-O 14.Ne5 Nxe5 15.dxe5
Ng4 16.Qxg4 1-0

[Event "XVI Cto Aragon Veteranos 2017 Grupo A"]
[Site ""]
[Date "2017.04.22"]
[Round "1"]
[White "Fernandez Sierra Pedro Jose"]
[Black "Franco Ibañez Carlos"]
[Result "0-1"]
[WhiteElo "1633"]
[BlackElo "2028"]

1.e4 e5 2.Nf3 Nc6 3.Bc4 Bc5 4.c3 Nf6 5.d4 exd4 6.e5 d5 7.Bb5 Nd7 8.cxd4 Be7 9.
Nc3 Nb6 10.Bxc6+ bxc6 11.O-O c5 12.h3 O-O 13.Re1 Be6 14.a4 c6 15.Be3 Nc4 16.
Bc1 Rb8 17.Re2 Na5 18.Be3 Nb3 19.Ra2 cxd4 20.Nxd4 Nxd4 21.Bxd4 c5 22.Be3 d4
23.Rd2 Qc8 0-1

[Event "XVI Cto Aragon Veteranos 2017 Grupo A"]
[Site ""]
[Date "2017.04.22"]
[Round "1"]
[White "Mimbela Lopez Luis"]
[Black "Santos Hernandez Higinio"]
[Result "1-0"]
[WhiteElo "2023"]
[BlackElo "1613"]

1.e4 c5 2.Nc3 Nc6 3.g3 Nf6 4.Bg2 e6 5.Nge2 Be7 6.O-O O-O 7.f4 d6 8.d3 a6 9.h3
Qc7 10.g4 Bd7 11.Ng3 Rac8 12.g5 Ne8 13.Be3 Nd4 14.Nce2 g6 15.c3 Nxe2+ 16.Qxe2
Ng7 17.h4 Bc6 18.h5 d5 19.Qg4 f5 20.gxf6 Rxf6 21.h6 Ne8 22.e5 Rf7 23.Qxe6 d4
24.Bxc6 dxe3 25.Bd5 Bh4 26.Rf3 Bxg3 27.Rxg3 e2 28.f5 Kf8 29.Qxf7+ Qxf7 30.Bxf7
Kxf7 31.fxg6+ hxg6 32.Re1 Rc6 33.Rxe2 Nc7 34.Rf2+ Kg8 35.Rh3 Ne6 36.h7+ Kh8
37.Rf6 g5 38.Rhh6 1-0

[Event "XVI Cto Aragon Veteranos 2017 Grupo A"]
[Site ""]
[Date "2017.04.22"]
[Round "1"]
[White "Samper Alarcon Julio Alfredo"]
[Black "Gines Abad Pedro"]
[Result "0-1"]
[WhiteElo "1604"]
[BlackElo "1972"]

1.d4 d6 2.Nf3 Nf6 3.Bf4 g6 4.c3 Bg7 5.e3 O-O 6.Be2 Bf5 7.O-O c6 8.Bd3 Bxd3 9.
Qxd3 d5 10.h3 Ne4 11.Nfd2 f5 12.Nf3 Nd7 13.Nbd2 e6 14.Ne5 Nxe5 15.dxe5 Nxd2
16.Qxd2 Qc7 17.Rfd1 Bxe5 18.Bxe5 Qxe5 19.Qd4 Qxd4 20.Rxd4 e5 21.Rd3 Rfd8 22.
Rad1 Kf7 23.Kf1 Ke6 24.Ke2 c5 25.b3 Rd6 26.R3d2 b5 27.Ra1 Rc8 28.a4 b4 29.Rc1
bxc3 30.Rxc3 c4 31.bxc4 Rxc4 32.Rxc4 dxc4 33.Rxd6+ Kxd6 34.Kd2 Kc5 35.Kc3 g5
36.f3 h5 37.a5 a6 38.g3 h4 39.gxh4 gxh4 40.Kc2 Kb4 0-1

[Event "XVI Cto Aragon Veteranos 2017 Grupo A"]
[Site ""]
[Date "2017.04.22"]
[Round "1"]
[White "Palomar Ramon Santiago"]
[Black "Requena Briones Rafael Mariano"]
[Result "1-0"]
[WhiteElo "1944"]
[BlackElo "1574"]

1.e4 c5 2.Nf3 d6 3.d4 cxd4 4.Nxd4 Nf6 5.Nc3 g6 6.Be3 Bg7 7.Be2 O-O 8.O-O Nbd7
9.f4 Nc5 10.Bf3 Ncd7 11.Qe1 e5 12.Ndb5 exf4 13.Bxf4 Ne5 14.Rd1 Nxf3+ 15.gxf3
d5 16.Nxd5 Nxd5 17.Rxd5 Qb6+ 18.Be3 Qc6 19.Rf2 Bh3 20.Rfd2 Qf6 21.Qg3 Be6 22.
Bd4 Qe7 23.Bc5 Qe8 24.Nc7 Qc6 25.Bxf8 Bxd5 26.Bxg7 Rc8 27.Nxd5 Kxg7 28.Qe5+
Kh6 29.Kh1 Qc4 30.Ne3 f6 31.Nxc4 1-0

[Event "XVI Cto Aragon Veteranos 2017 Grupo A"]
[Site ""]
[Date "2017.04.22"]
[Round "1"]
[White "Celma Pueyo Ramon"]
[Black "Millan Martin Alfonso"]
[Result "0-1"]
[WhiteElo "1513"]
[BlackElo "1870"]

1.d4 Nf6 2.c4 c5 3.e3 g6 4.Nf3 Bg7 5.Bd3 O-O 6.O-O cxd4 7.exd4 d5 8.Nc3 Nc6 9.
cxd5 Nxd5 10.Be4 Nf6 11.Bxc6 bxc6 12.Qa4 Qb6 13.Ne5 Ba6 14.Re1 Bb5 15.Nxb5
cxb5 16.Qb4 Nd5 17.Qc5 Qxc5 18.dxc5 Rac8 19.Nd3 Bd4 20.Be3 Nxe3 21.Rxe3 Bxe3
22.fxe3 Rfd8 0-1

[Event "XVI Cto Aragon Veteranos 2017 Grupo A"]
[Site ""]
[Date "2017.04.22"]
[Round "1"]
[White "Minguez Guinda Andres"]
[Black "Latorre Bueno Francisco"]
[Result "1-0"]
[WhiteElo "1860"]
[BlackElo "1541"]

1.e4 e5 2.f4 Qh4+ 3.g3 Qe7 4.fxe5 Qxe5 5.Nc3 Bc5 6.Nf3 Qe7 7.d4 Bb4 8.Bd3
Bxc3+ 9.bxc3 Nf6 10.O-O O-O 11.Bg5 Qe6 12.Ne5 Ne8 13.Bc4 Qh3 14.Nxf7 Nf6 15.
Bxf6 Rxf7 16.Bg5 d5 17.Bxd5 h6 18.Bxf7+ Kh7 19.Be3 Bg4 20.Qd2 Nd7 21.Qg2 Nf6
22.Qxh3 Bxh3 23.Rxf6 gxf6 24.Bf4 Kg7 25.Bh5 Bd7 26.e5 Be6 27.exf6+ Kxf6 28.
Be5+ Kg5 29.Be2 c6 30.c4 Rf8 31.Rf1 Rxf1+ 32.Kxf1 a6 33.a4 Bf5 34.Bd3 Be6 35.
a5 Kg4 36.Kg2 Kg5 37.Bf4+ Kh5 38.h3 1-0

[Event "XVI Cto Aragon Veteranos 2017 Grupo A"]
[Site ""]
[Date "2017.04.22"]
[Round "1"]
[White "Hernandez Calvera Hernan Angel"]
[Black "Garcia Estruch Jorge"]
[Result "0-1"]
[WhiteElo "1524"]
[BlackElo "1820"]

1.e4 e5 2.Nf3 Nc6 3.Bb5 a6 4.Ba4 Nf6 5.O-O b5 6.Bb3 Be7 7.d3 O-O 8.c3 d6 9.
Nbd2 Na5 10.Bc2 c5 11.Re1 Qc7 12.Nf1 Nc6 13.Ne3 Bd7 14.Nf5 Bxf5 15.exf5 Rad8
16.Qe2 Rfe8 17.Ng5 h6 18.Ne4 d5 19.Nxf6+ Bxf6 20.Qg4 Kf8 21.Qh5 Rd6 22.g4 Qd8
23.Kg2 Bg5 24.Rh1 Bxc1 25.Raxc1 e4 26.h4 Qf6 27.Rh3 Qe5 28.Re1 Qf4 29.Re2 g6
30.fxg6 fxg6 0-1

[Event "XVI Cto Aragon Veteranos 2017 Grupo A"]
[Site ""]
[Date "2017.04.22"]
[Round "1"]
[White "Aviol Perez Jose Mariano"]
[Black "Requeno Otin Juan Jose"]
[Result "1-0"]
[WhiteElo "1819"]
[BlackElo "1480"]

1.d4 d5 2.Nf3 Nf6 3.c4 c6 4.Nc3 e6 5.Bg5 Be7 6.e3 O-O 7.cxd5 cxd5 8.Bd3 Nc6 9.
Rc1 Nb4 10.Bb1 a6 11.Ne5 h6 12.Bxf6 Bxf6 13.a3 Nc6 14.Qd3 g6 15.Nxg6 fxg6 16.
Qxg6+ Bg7 17.Qh7+ Kf7 18.Qg6+ Kg8 19.Qh7+ Kf7 20.Bg6+ Kf6 21.Bh5 Ne7 22.h4 Nf5
23.g4 Rh8 24.Qg6+ Ke7 25.gxf5 Qf8 26.Nxd5+ exd5 27.Rc7+ Bd7 28.Qe6+ 1-0

[Event "XVI Cto Aragon Veteranos 2017 Grupo A"]
[Site ""]
[Date "2017.04.22"]
[Round "1"]
[White "Patap Ivan"]
[Black "Ocabo Vera Pedro Aristides"]
[Result "0-1"]
[WhiteElo "1453"]
[BlackElo "1784"]

1.e4 d6 2.d4 g6 3.c3 Bg7 4.Nf3 Nf6 5.Bd3 O-O 6.h3 a6 7.Be3 Nbd7 8.Nbd2 c5 9.
Qc2 b5 10.a4 c4 11.Be2 Bb7 12.O-O Nb6 13.axb5 axb5 14.Nh2 e5 15.d5 Nfd7 16.b3
Qc7 17.bxc4 bxc4 18.Rxa8 Rxa8 19.Rb1 Rb8 20.Rb4 f5 21.f3 fxe4 22.fxe4 Nc5 23.
Nxc4 Nxc4 24.Bxc4 Rf8 25.Be2 Ba6 26.c4 Qa5 27.Rb2 Qe1+ 28.Nf1 Rxf1+ 29.Bxf1
Qxe3+ 30.Kh1 Nxe4 31.Bd3 Ng3+ 32.Kh2 Qf4 33.Rb8+ Bf8 34.Kg1 e4 35.Be2 Qc1+ 36.
Bd1 Qxc2 37.Bxc2 Bxc4 38.Bxe4 Nxe4 39.Rb4 Bxd5 40.h4 Be7 41.h5 Kg7 42.hxg6
hxg6 43.Kh2 Bf6 44.Kh3 Be6+ 45.Kh2 d5 46.Rb6 Bf7 47.Kh3 d4 48.Kg4 d3 49.Kf3 d2
50.Ke2 Bc4+ 51.Kd1 Bg5 52.Rb7+ Kh6 53.Rb1 Nf2+ 0-1

[Event "XVI Cto Aragon Veteranos 2017 Grupo A"]
[Site ""]
[Date "2017.04.22"]
[Round "1"]
[White "Navarro Castan Jesus"]
[Black "Garcia Estruch Mauricio"]
[Result "1/2-1/2"]
[WhiteElo "1783"]
[BlackElo "1367"]

1.e4 c6 2.d4 d5 3.Nc3 dxe4 4.Nxe4 Bf5 5.Ng3 Bg6 6.h4 h6 7.Nf3 Nf6 8.h5 Bh7 9.
Bd3 Bxd3 10.Qxd3 Nbd7 11.Bd2 e6 12.O-O-O Be7 13.Ne4 Nxe4 14.Qxe4 Nf6 15.Qe2
Qd5 16.c4 Qd8 17.Kb1 a5 18.Bc3 Bb4 19.Bd2 Bxd2 20.Rxd2 O-O 21.Ne5 Qe7 22.g4
Nd7 23.f4 Nxe5 24.Qxe5 Rfd8 25.Re1 Qb4 26.Qe2 Qd6 27.Qe3 b5 28.g5 e5 29.fxe5
Qe6 30.gxh6 Qxh6 31.Qxh6 gxh6 32.cxb5 cxb5 33.Rg2+ Kh7 34.Re4 Ra7 35.Kc2 Rc7+
36.Kd3 Rc4 37.d5 Rxd5+ 38.Ke3 Rc1 39.Rf2 Rc7 40.e6 fxe6 41.Rxe6 Rxh5 42.Re8
Kg7 43.Ke4 Rc4+ 44.Kd3 Rh3+ 45.Kd2 1/2-1/2

[Event "XVI Cto Aragon Veteranos 2017 Grupo A"]
[Site ""]
[Date "2017.04.29"]
[Round "2"]
[White "Garcia Estruch Jorge"]
[Black "Roche Simon Manuel Angel"]
[Result "0-1"]
[WhiteElo "1820"]
[BlackElo "2170"]

1.e4 c5 2.c3 d5 3.exd5 Qxd5 4.Na3 Nc6 5.Nf3 Nf6 6.Bc4 Qd8 7.O-O e6 8.d4 cxd4
9.Nxd4 Nxd4 10.cxd4 a6 11.Bf4 b5 12.Be2 Bb7 13.Bf3 Bxf3 14.Qxf3 Qd5 15.Qxd5
Nxd5 16.Bd2 Be7 17.Rac1 Kd7 18.Nc2 Rhc8 19.Na1 Rc4 20.Rxc4 bxc4 21.Rc1 Rc8 22.
Kf1 Bb4 23.Ke2 Bxd2 24.Kxd2 Nf4 25.Rc3 Nd3 26.b3 cxb3 27.Nxb3 Nxf2 28.Re3 Kd6
29.h3 f5 30.Nc5 Kd5 31.Ra3 Rxc5 32.dxc5 Ne4+ 33.Ke3 Nxc5 34.g4 g6 35.Rc3 e5
36.Rc1 f4+ 37.Ke2 e4 38.g5 Kd4 39.Rb1 Nd3 40.Rb7 f3+ 41.Kf1 e3 0-1

[Event "XVI Cto Aragon Veteranos 2017 Grupo A"]
[Site ""]
[Date "2017.04.29"]
[Round "2"]
[White "Franco Ibañez Carlos"]
[Black "Minguez Guinda Andres"]
[Result "1-0"]
[WhiteElo "2028"]
[BlackElo "1860"]

1.d4 d5 2.c4 c6 3.Nf3 Nf6 4.Nc3 e6 5.e3 Bd6 6.Bd3 Nbd7 7.O-O O-O 8.b3 e5 9.
dxe5 Nxe5 10.Nxe5 Bxe5 11.Bb2 Bxh2+ 12.Kxh2 Ng4+ 13.Kg3 Qd6+ 14.f4 Nxe3 15.
Bxh7+ Kxh7 16.Rh1+ Kg8 17.Qh5 Nf5+ 18.Kf3 Nh6 19.Qg5 Qg6 20.Qxg6 fxg6 21.cxd5
g5 22.g3 Bd7 23.d6 c5 24.Rhf1 Bc6+ 25.Ne4 g4+ 26.Ke3 Nf5+ 27.Kd3 Bxe4+ 28.Kxe4
Nxg3+ 29.Kd5 Nxf1 30.Rxf1 g3 31.Rf3 g2 32.Rg3 Rxf4 33.Rxg7+ Kf8 34.Rxg2 Rf5+
35.Ke6 Rh5 36.Bg7+ Ke8 37.Bf6 1-0

[Event "XVI Cto Aragon Veteranos 2017 Grupo A"]
[Site ""]
[Date "2017.04.29"]
[Round "2"]
[White "Ocabo Vera Pedro Aristides"]
[Black "Mimbela Lopez Luis"]
[Result "0-1"]
[WhiteElo "1784"]
[BlackElo "2023"]

1.e4 e5 2.Nf3 Nc6 3.d3 Nf6 4.g3 Be7 5.Bg2 O-O 6.O-O d6 7.h3 h6 8.Nc3 Be6 9.Ne2
Qd7 10.Kh2 d5 11.exd5 Nxd5 12.Be3 f5 13.Qd2 Nxe3 14.fxe3 Rad8 15.Nfg1 g5 16.
Nc3 e4 17.d4 Ne5 18.b3 c5 19.Nce2 Nc6 20.c3 Qe8 21.Rad1 Qg6 22.Qc2 cxd4 23.
exd4 Bf6 24.g4 Ne7 25.Ng3 fxg4 26.Bxe4 Qe8 27.Bf5 Nxf5 28.Nxf5 Bxf5 29.Rxf5
gxh3 30.Rdf1 Qe6 31.Nxh3 Qd6+ 32.Kg2 Qc6+ 33.Kg1 Bxd4+ 34.Kh2 Bxc3 35.Qg2
Qxg2+ 36.Kxg2 Rd2+ 37.R5f2 Rdxf2+ 38.Rxf2 Rxf2+ 39.Nxf2 Kg7 40.Kf3 Kg6 41.Ne4
Bb4 42.Kg4 h5+ 43.Kg3 Kf5 44.Nf2 0-1

[Event "XVI Cto Aragon Veteranos 2017 Grupo A"]
[Site ""]
[Date "2017.04.29"]
[Round "2"]
[White "Gines Abad Pedro"]
[Black "Aviol Perez Jose Mariano"]
[Result "0-1"]
[WhiteElo "1972"]
[BlackElo "1819"]

1.d4 d5 2.Nf3 Nf6 3.e3 c5 4.c4 dxc4 5.Bxc4 e6 6.O-O Nc6 7.dxc5 Qxd1 8.Rxd1
Bxc5 9.a3 a6 10.b4 Ba7 11.Bb2 Ke7 12.Nbd2 b5 13.Be2 Bb7 14.Rac1 Rhd8 15.Kf1 h6
16.Nb3 Rxd1+ 17.Bxd1 Rd8 18.Be2 g5 19.Nfd4 Nxd4 20.Nxd4 Ne4 21.f3 Nd6 22.Kf2
Rc8 23.Rxc8 Nxc8 24.Nb3 Nd6 25.Bd4 Bxd4 26.Nxd4 Bd5 27.e4 e5 28.Nxb5 Nxb5 29.
Bxb5 axb5 30.exd5 Kd6 31.Ke3 Kxd5 32.Kd3 f5 33.g4 fxg4 34.fxg4 e4+ 35.Ke3 Ke5
36.Kd2 Kd4 37.Ke2 Kc4 38.Ke3 Kb3 39.Kxe4 Kxa3 40.Kf5 Kxb4 41.Kg6 Kc5 42.Kxh6
b4 43.Kxg5 b3 44.h4 b2 45.h5 b1=Q 46.h6 Kd6 47.Kf6 Qh7 48.g5 Kd7 49.g6 Qxh6
50.Kf7 Qh5 51.Kf8 Qf5+ 52.Kg7 Ke7 53.Kh8 Qf6+ 0-1

[Event "XVI Cto Aragon Veteranos 2017 Grupo A"]
[Site ""]
[Date "2017.04.29"]
[Round "2"]
[White "Millan Martin Alfonso"]
[Black "Gascon Cabello Jorge"]
[Result "1-0"]
[WhiteElo "1870"]
[BlackElo "1717"]

1.c4 c6 2.Nc3 d5 3.cxd5 cxd5 4.d4 Nc6 5.Nf3 Nf6 6.Bf4 a6 7.e3 Qb6 8.Rc1 Bf5 9.
Bd3 Bxd3 10.Qxd3 e6 11.O-O Be7 12.Ne5 Nxe5 13.Bxe5 O-O 14.Rc2 Rfc8 15.Rfc1 Qd8
16.Bxf6 Bxf6 17.Na4 b5 18.Nc5 Be7 19.b4 Ra7 20.Rc3 Rc6 21.h3 Qc8 22.Qc2 Rac7
23.a4 Qb8 24.Ra1 a5 25.axb5 axb4 26.bxc6 bxc3 27.Rb1 Qc8 28.Rb7 Bxc5 29.Rxc7
Qxc7 30.dxc5 Qxc6 31.Qxc3 f6 32.Qa5 Kf7 33.Qb6 Qc8 34.c6 Ke8 35.Qb7 Kd8 36.
Qxg7 Qxc6 37.Qxf6+ Kc7 38.Qe7+ Qd7 39.Qxd7+ Kxd7 40.f4 e5 41.f5 Ke7 42.Kf2 Kf6
43.g4 h6 44.Ke2 Kg5 45.Kd3 Kf6 46.Kc3 Kg5 47.Kb4 Kf6 48.Kc5 d4 49.exd4 e4 50.
Kc4 Kg5 51.Kc3 1-0

[Event "XVI Cto Aragon Veteranos 2017 Grupo A"]
[Site ""]
[Date "2017.04.29"]
[Round "2"]
[White "Carrasquer Muñoz Alberto"]
[Black "Navarro Castan Jesus"]
[Result "1-0"]
[WhiteElo "1782"]
[BlackElo "1783"]

1.e4 c5 2.Nf3 e6 3.Nc3 a6 4.d4 cxd4 5.Nxd4 Qc7 6.g3 b5 7.Bg2 b4 8.Na4 Bb7 9.
O-O Nf6 10.Re1 d6 11.Bd2 Nc6 12.c3 bxc3 13.Bxc3 e5 14.Nxc6 Bxc6 15.Bb4 Qb8 16.
Ba3 Be7 17.Rc1 Bd7 18.Re3 O-O 19.Rb3 Bxa4 20.Rxb8 Bxd1 21.Rxf8+ Kxf8 22.Rxd1
Rc8 23.f3 Rc6 24.Bf1 Ke8 25.Bd3 Kd8 26.Kf2 Kc7 27.b3 Kb6 28.Bc4 Nd7 29.Rd2 f6
30.Bd5 Rc7 31.Bg8 Nc5 32.Bxh7 Rc8 33.Bg6 a5 34.Ke3 Kc7 35.Rc2 Kb6 36.Bf7 Rf8
37.Bd5 f5 38.Bb2 fxe4 39.fxe4 Bg5+ 40.Ke2 Rh8 41.h4 Bf6 42.a3 Kb5 43.Bc1 Rh5
44.Kf3 Nd3 45.Bc4+ 1-0

[Event "XVI Cto Aragon Veteranos 2017 Grupo A"]
[Site ""]
[Date "2017.04.29"]
[Round "2"]
[White "Latorre Bueno Francisco"]
[Black "Sanchez Valles Jose Maria"]
[Result "0-1"]
[WhiteElo "1541"]
[BlackElo "1768"]

1.d4 Nf6 2.Nf3 d6 3.c4 Nbd7 4.Nc3 g6 5.e3 Bg7 6.Be2 O-O 7.O-O e6 8.b3 b6 9.Bb2
Bb7 10.Rc1 c5 11.Nb5 Ne4 12.Nc3 Qe7 13.Qc2 f5 14.Rcd1 Ndf6 15.dxc5 dxc5 16.Rd3
Nxc3 17.Bxc3 Be4 18.Rfd1 Bxd3 19.Rxd3 Rfd8 20.Ne1 e5 21.Qb2 e4 22.Rxd8+ Rxd8
23.g3 Nd7 24.Ng2 Bxc3 25.Qxc3 g5 26.h4 h6 27.hxg5 hxg5 28.g4 Ne5 29.gxf5 Nf3+
30.Kf1 Qh7 31.Bxf3 Qh1+ 32.Ke2 Qd1# 0-1

[Event "XVI Cto Aragon Veteranos 2017 Grupo A"]
[Site ""]
[Date "2017.04.29"]
[Round "2"]
[White "Garrido Busto Francisco"]
[Black "Celma Pueyo Ramon"]
[Result "1/2-1/2"]
[WhiteElo "1658"]
[BlackElo "1553"]

1.e4 d5 2.exd5 Qxd5 3.Nc3 Qa5 4.d4 Nf6 5.Bd2 Nc6 6.Bb5 Bd7 7.Nd5 Qxd2+ 8.Qxd2
Nxd5 9.Nf3 e6 10.O-O Bd6 11.c3 h6 12.h3 O-O-O 13.Rfe1 g5 14.Bxc6 Bxc6 15.Ne5
Bxe5 16.Rxe5 Nf4 17.f3 f6 18.Ree1 Bd7 19.Qc2 Rdg8 20.c4 h5 21.b4 g4 22.hxg4
hxg4 23.Qe4 gxf3 24.Qxf3 Nh3+ 25.Kf1 Ng5 26.Qe3 Bc6 27.b5 Be4 28.Kf2 Nh3+ 29.
Qxh3 Rxh3 30.gxh3 Rg2+ 31.Ke3 f5 32.Re2 Rg3+ 33.Kf4 Rxh3 34.Rg1 b6 35.Rd2 Rc3
36.Ke5 Rxc4 37.Kxe6 Rb4 38.d5 Rxb5 39.d6 cxd6 40.Kxd6 Kb7 41.Rg7+ Ka6 42.Rf2
Ka5 43.a3 Ka4 44.Rxa7+ Ra5 45.Rxa5+ bxa5 46.Ke5 Kxa3 47.Rf1 a4 48.Rf4 Bc2 49.
Kd4 Ka2 50.Kc3 Bb3 1/2-1/2

[Event "XVI Cto Aragon Veteranos 2017 Grupo A"]
[Site ""]
[Date "2017.04.29"]
[Round "2"]
[White "Requeno Otin Juan Jose"]
[Black "Fernandez Sierra Pedro Jose"]
[Result "1-0"]
[WhiteElo "1480"]
[BlackElo "1633"]

1.d4 Nf6 2.Nf3 c5 3.c3 e6 4.Bf4 d5 5.h3 Nc6 6.e3 cxd4 7.cxd4 Bb4+ 8.Nbd2 Ne4
9.a3 Nxd2 10.Nxd2 Bd6 11.Bxd6 Qxd6 12.Be2 O-O 13.O-O f5 14.Nf3 Rf6 15.Qc2 Bd7
16.b4 Rc8 17.Qd3 e5 18.dxe5 Nxe5 19.Qd4 Nc6 20.Qd2 f4 21.exf4 Rxf4 22.Rad1 Ne7
23.Rc1 Rcf8 24.Qd3 b6 25.Qe3 Re4 26.Qd2 Qg6 27.Bd3 Rxf3 28.Bxe4 Qxe4 29.gxf3
Qxf3 30.Qe3 Qf6 31.Rce1 Nf5 32.Qe5 Qg5+ 33.Kh2 Nh4 34.Qxg5 Nf3+ 35.Kg3 Nxg5
36.h4 Ne4+ 37.Kf4 Bc6 38.f3 Nd2 39.Rf2 Nc4 40.Ra2 Kf7 41.a4 Kf6 42.Rb1 b5 43.
axb5 Bxb5 44.Rd1 Ke6 45.Rd4 h6 46.Ra1 Nb2 47.Rg1 Nd3+ 48.Ke3 Ne5 49.Rxg7 Nc4+
50.Kf4 Kf6 51.Rg1 Nb6 52.Rgd1 Bc4 53.R1d2 Bb3 54.Rg2 Bc4 55.Rg8 Na4 56.Rh8 Kg7
57.Rd8 Nc3 58.Ke5 Kf7 59.h5 Ke7 60.Rh8 Ne2 61.Rxd5 Bxd5 62.Kxd5 Nf4+ 63.Ke5
1-0

[Event "XVI Cto Aragon Veteranos 2017 Grupo A"]
[Site ""]
[Date "2017.04.29"]
[Round "2"]
[White "Santos Hernandez Higinio"]
[Black "Hernandez Calvera Hernan Angel"]
[Result "0-1"]
[WhiteElo "1613"]
[BlackElo "1524"]

1.d4 e6 2.Nf3 Be7 3.e4 d5 4.e5 c5 5.c3 Nc6 6.Bd3 Qb6 7.O-O Bd7 8.Bc2 Nh6 9.b3
Nf5 10.Bb2 h5 11.dxc5 Bxc5 12.Bxf5 exf5 13.Qxd5 Be6 14.Qd1 Rd8 15.Nbd2 Be7 16.
Qe2 g5 17.Nd4 Nxd4 18.cxd4 Bd5 19.Nc4 Qe6 20.Rac1 f4 21.Nd2 g4 22.g3 Qf5 23.
Nc4 Kf8 24.Nd6 Bxd6 25.exd6 Re8 26.Qb5 Qe4 27.f3 gxf3 28.Rf2 Rg8 29.d7 Rd8 30.
Qb4+ Kg7 31.Re1 Qg6 32.Qe7 fxg3 33.Qe5+ Kh7 34.hxg3 Qxg3+ 35.Qxg3 Rxg3+ 36.Kh2
Rg5 37.Bc1 Rf5 38.Re7 Bc6 39.Re5 Rxe5 40.dxe5 Rxd7 41.Kg3 Rd4 42.Bf4 Kg6 43.
Bd2 Kf5 44.Rh2 h4+ 45.Kh3 Bd7 46.Rf2 Kxe5+ 47.Kh2 Ke4 48.Bg5 h3 49.Rc2 Rd1 50.
Rc4+ Kd3 51.Rc7 Be6 52.Kg3 Rg1+ 53.Kf4 f2 0-1

[Event "XVI Cto Aragon Veteranos 2017 Grupo A"]
[Site ""]
[Date "2017.04.29"]
[Round "2"]
[White "Requena Briones Rafael Mariano"]
[Black "Patap Ivan"]
[Result "1-0"]
[WhiteElo "1574"]
[BlackElo "1453"]

1.e4 c5 2.d4 cxd4 3.Nf3 a6 4.Bc4 Nc6 5.O-O e6 6.Bg5 Be7 7.Bf4 Bc5 8.c3 dxc3 9.
Nxc3 Nge7 10.a3 h6 11.b4 Ba7 12.Rc1 b5 13.Ba2 Ng6 14.Bd6 Nge7 15.Ne2 Bb8 16.
Nf4 O-O 17.Nh5 Bxd6 18.Qxd6 Ng6 19.Rfd1 Qe7 20.Qg3 Rd8 21.e5 Bb7 22.Rc5 Qf8
23.Bb1 Nce7 24.Nh4 Nxh4 25.Qxh4 Rac8 26.Rdc1 Rxc5 27.Rxc5 Bc6 28.Qg4 Kh8 29.
Nf4 a5 30.h4 axb4 31.axb4 Ra8 32.Bd3 Ra4 33.Bxb5 Rxb4 34.Ng6+ fxg6 35.Qxb4 Nd5
36.Qd4 Nf4 37.Qd6 Qa8 38.Bxc6 Qa1+ 39.Kh2 dxc6 40.Qf8+ Kh7 41.Qxf4 Qa6 42.Qe4
Qa2 43.f3 Qf2 44.Rxc6 1-0

[Event "XVI Cto Aragón Veteranos 2017 Grupo A"]
[Site ""]
[Date "2017.05.06"]
[Round "3"]
[White "Roche Simon Manuel Angel"]
[Black "Palomar Ramon Santiago"]
[Result "1-0"]
[WhiteElo "2170"]
[BlackElo "1944"]

1.e4 e5 2.Nf3 Nf6 3.d4 Nxe4 4.Nxe5 d5 5.Bd3 Bd6 6.O-O O-O 7.c4 c6 8.Nc3 Qh4 9.
g3 Nxc3 10.bxc3 Qh3 11.Re1 Nd7 12.cxd5 cxd5 13.Qf3 Bxe5 14.dxe5 Nc5 15.Bf1 Qe6
16.Ba3 b6 17.Rab1 Bd7 18.Bg2 Bc6 19.Qe3 Na4 20.Qd4 Rfd8 21.Rbd1 b5 22.h4 Nb6
23.Kh2 Nc4 24.Bc5 Re8 25.f4 Qf5 26.Re2 f6 27.Bxd5+ Bxd5 28.Qxd5+ Kh8 29.Qf7
Qg4 30.Rde1 fxe5 31.fxe5 Red8 32.Bd4 Rf8 33.e6 Rxf7 34.exf7 h5 35.Re8+ Kh7 36.
f8=Q Rxe8 37.Rxe8 1-0

[Event "XVI Cto Aragón Veteranos 2017 Grupo A"]
[Site ""]
[Date "2017.05.06"]
[Round "3"]
[White "Mimbela Lopez Luis"]
[Black "Millan Martin Alfonso"]
[Result "1/2-1/2"]
[WhiteElo "2023"]
[BlackElo "1870"]

1.d4 Nf6 2.Nf3 c5 3.e3 cxd4 4.exd4 d5 5.Bd3 Nc6 6.O-O Bg4 7.c3 Qc7 8.h3 Bh5 9.
Nbd2 e6 10.Re1 Be7 11.Nf1 a6 12.Ng3 Bg6 13.Bxg6 hxg6 14.Bg5 Bd6 15.Bxf6 gxf6
16.Ne2 b5 17.a4 O-O 18.Qd3 b4 19.c4 dxc4 20.Qxc4 Ne7 21.Qxc7 Bxc7 22.Rac1 Rfc8
23.Nd2 f5 24.Rc4 Bd6 25.Rec1 Kf8 26.Nb3 Rxc4 27.Rxc4 Rc8 28.Nd2 Ke8 29.f4 Kd7
30.Kf2 Nd5 31.g3 Nb6 32.Rxc8 Kxc8 33.b3 Kb7 34.Ke3 Kc6 35.Kd3 Nd5 36.Nc4 Bc7
1/2-1/2

[Event "XVI Cto Aragón Veteranos 2017 Grupo A"]
[Site ""]
[Date "2017.05.06"]
[Round "3"]
[White "Aviol Perez Jose Mariano"]
[Black "Garcia Estruch Jorge"]
[Result "1-0"]
[WhiteElo "1819"]
[BlackElo "1820"]

1.d4 Nf6 2.Nf3 g6 3.Nc3 Bg7 4.e4 d6 5.Bg5 h6 6.Be3 O-O 7.Qd2 Kh7 8.h4 Ng4 9.
Bf4 f5 10.O-O-O c6 11.h5 g5 12.Bxg5 hxg5 13.Nxg5+ Kh8 14.Bc4 e5 15.h6 Bf6 16.
Nf3 fxe4 17.Nxe4 d5 18.Nxf6 Qxf6 19.dxe5 Nxe5 20.Nxe5 Qxe5 21.Rde1 Qf6 22.Bd3
Na6 23.h7 Nc5 24.Rh6 Nxd3+ 25.cxd3 Qg7 26.f3 Bf5 27.g4 Bxd3 28.Rhe6 Bxh7 29.g5
Rxf3 30.g6 Bxg6 31.Rg1 Rf6 32.Rxf6 Qxf6 33.Qh6+ Kg8 34.Rxg6+ Qxg6 35.Qxg6+ Kf8
36.Qf6+ 1-0

[Event "XVI Cto Aragón Veteranos 2017 Grupo A"]
[Site ""]
[Date "2017.05.06"]
[Round "3"]
[White "Gaston Cabello Jorge"]
[Black "Gines Abad Pedro"]
[Result "0-1"]
[WhiteElo "1717"]
[BlackElo "1972"]

1.d4 d6 2.Bf4 Nf6 3.e3 Nbd7 4.Nf3 Nh5 5.Bg5 h6 6.Bh4 g5 7.Nfd2 Ndf6 8.Be2 gxh4
9.Bxh5 Nxh5 10.Qxh5 Rg8 11.Nc3 e5 12.dxe5 Bg4 13.Nde4 Bxh5 14.Nf6+ Qxf6 15.
exf6 Rxg2 16.Nd5 Kd7 17.Nf4 Rg5 18.Kd2 Bf3 19.Rhg1 d5 20.Nh3 Rxg1 21.Rxg1 Ke6
22.c3 Bd6 23.Nf4+ Kxf6 24.h3 Bxf4 25.exf4 Re8 0-1

[Event "XVI Cto Aragón Veteranos 2017 Grupo A"]
[Site ""]
[Date "2017.05.06"]
[Round "3"]
[White "Minguez Guinda Andres"]
[Black "Requena Briones Rafael Mariano"]
[Result "1-0"]
[WhiteElo "1860"]
[BlackElo "1574"]

1.e4 c5 2.Nf3 d6 3.d4 cxd4 4.Nxd4 Nf6 5.Nc3 g6 6.Be2 Bg7 7.Be3 O-O 8.h4 Nc6 9.
Nxc6 bxc6 10.h5 Bb7 11.hxg6 fxg6 12.Qd2 Qa5 13.Bh6 Bxh6 14.Qxh6 Rf7 15.Qd2 d5
16.e5 Ne8 17.f3 Ng7 18.Bd3 d4 19.Ne4 Qxe5 20.O-O-O Qf4 21.Ng5 Qxd2+ 22.Kxd2
Rf6 23.Nxh7 Rd6 24.Ng5 c5 25.Bc4+ Bd5 26.Ne4 Bxc4 27.Nxd6 exd6 28.b3 Bb5 29.
Rh6 Kf7 30.g4 Re8 31.Re1 Rxe1 32.Kxe1 d3 33.cxd3 Bxd3 34.Kd2 Bb5 35.Rh8 g5 36.
Ra8 Kf6 37.Rxa7 Ne6 38.Rh7 Ke5 39.Re7 d5 40.a4 Bc6 41.a5 Bb5 42.Rb7 Nd4 43.Ke3
Bc6 44.Rb6 Nc2+ 45.Kd2 Nb4 46.f4+ gxf4 47.g5 Ke4 48.a6 f3 49.a7 f2 50.Ke2 Ba8
51.g6 d4 52.g7 d3+ 53.Kxf2 d2 54.Ke2 1-0

[Event "XVI Cto Aragón Veteranos 2017 Grupo A"]
[Site ""]
[Date "2017.05.06"]
[Round "3"]
[White "Hernandez Calvera Hernan Angel"]
[Black "Ocabo Vera Pedro Aristides"]
[Result "1-0"]
[WhiteElo "1524"]
[BlackElo "1784"]

1.e4 g6 2.d4 Bg7 3.Nc3 d6 4.Be3 a6 5.Nf3 Nc6 6.Be2 e5 7.d5 Nce7 8.Qd2 f5 9.g3
h6 10.h4 Nf6 11.exf5 Nxf5 12.Nh2 b5 13.Ng4 Bb7 14.Nxf6+ Qxf6 15.Ne4 Qf7 16.
O-O-O Ne7 17.c4 a5 18.Kb1 b4 19.Rhf1 Nf5 20.c5 O-O 21.Rh1 Ba6 22.Bg4 Kh7 23.
Rc1 Bb7 24.Rhd1 Rfb8 25.cxd6 cxd6 26.Ka1 Qe7 27.h5 Nd4 28.hxg6+ Kxg6 29.Rh1
Bxd5 30.Qd3 Bxe4 31.Qxe4+ Kf7 32.Qd5+ Kf8 33.Bxh6 Qf6 34.Bxg7+ Kxg7 35.Rc7+
Kg6 36.Bh5+ 1-0

[Event "XVI Cto Aragón Veteranos 2017 Grupo A"]
[Site ""]
[Date "2017.05.06"]
[Round "3"]
[White "Requeno Otin Juan Jose"]
[Black "Carrasquer Muñoz Alberto"]
[Result "0-1"]
[WhiteElo "1480"]
[BlackElo "1782"]

1.d4 e6 2.Nf3 c5 3.c3 Nc6 4.Bf4 Nf6 5.h3 Be7 6.e3 O-O 7.Be2 d5 8.O-O a6 9.Nbd2
b5 10.Nb3 c4 11.Nc5 Qb6 12.b4 cxb3 13.axb3 Bxc5 14.dxc5 Qxc5 15.Qc1 Bb7 16.b4
Qb6 17.Bd6 Rfd8 18.Bc5 Qc7 19.Ne5 Nd7 20.Nxc6 Qxc6 21.Be7 Rdc8 22.Ra3 Ne5 23.
Bg5 d4 24.f3 d3 25.Bd1 Nc4 26.Rb3 h6 27.Bf4 Qb6 28.Kh1 g5 29.Bxg5 hxg5 30.e4
d2 31.Qc2 Rd8 32.Qb1 Rd7 33.Be2 Qe3 34.Bxc4 bxc4 35.Rb2 Qxc3 36.Rd1 Qe3 37.Rc2
c3 38.Qa1 Rc8 39.Kh2 Rd3 40.Qb1 Bc6 41.Qa1 Bb5 42.Qa2 Qe2 43.Rdxd2 Rxd2 44.
Rxd2 Qxd2 0-1

[Event "XVI Cto Aragón Veteranos 2017 Grupo A"]
[Site ""]
[Date "2017.05.06"]
[Round "3"]
[White "Samper Alarcon Julio Alfredo"]
[Black "Garrido Busto Francisco"]
[Result "1/2-1/2"]
[WhiteElo "1604"]
[BlackElo "1658"]

1.d4 Nf6 2.Bf4 g6 3.Nf3 Bg7 4.h3 d6 5.e3 Nbd7 6.Nbd2 O-O 7.Be2 b6 8.O-O Bb7 9.
Rc1 c5 10.c3 Rc8 11.Qb3 Rc7 12.a4 Qa8 13.a5 Rfc8 14.a6 Bxf3 15.Bxf3 Qb8 16.Bb7
Re8 17.Qc2 cxd4 18.exd4 Nh5 19.Qe4 Nxf4 20.Qxf4 Nf6 21.Qf3 e6 22.Qg3 d5 23.
Rce1 Nh5 24.Qh2 Qd8 25.Re2 Nf6 26.Rfe1 1/2-1/2